| 000 | 00494cam a2200169u 4500 | ||
|---|---|---|---|
| 082 |
_a923.21 _bJOH |
||
| 100 | 1 |
_aJohnson, Samuel, _950479 |
|
| 245 | 1 | 0 | _aLives of the most eminent English poets, |
| 260 |
_aLondon, _bJ. Murray, _c1854. |
||
| 300 |
_a3 v. _c22 cm. |
||
| 526 |
_a0 _b0 _c0 _d923_210000000000000_JOH |
||
| 650 | 0 |
_aEnglish poetry _xHistory and criticism. _950480 |
|
| 650 | 0 |
_aMCE _9379 |
|
| 650 | 0 |
_aPoets, English _950481 |
|
| 700 | 1 |
_aCunningham, Peter, _950482 |
|
| 942 |
_2ddc _cBK |
||
| 999 |
_c553219 _d553219 |
||